|
|
|
|
| LEADER |
01331nam a2200337 i 4500 |
| 001 |
c000144366 |
| 003 |
CARM |
| 005 |
00000000000000.0 |
| 008 |
761108s1976 enk b f00010 eng |
| 015 |
|
|
|a GB76-21087
|
| 019 |
1 |
|
|a 795712
|z 44669344
|5 LACONCORD2021
|
| 020 |
|
|
|a 0117007927 :
|c L.1.10
|
| 035 |
|
|
|a (OCoLC)2913149
|5 LACONCORD2021
|
| 043 |
|
|
|a e-uk---
|a e-uk-ni
|a e-uk-st
|
| 050 |
0 |
0 |
|a KD662
|b .L4
|
| 110 |
1 |
|
|a Great Britain.
|b Central Office of Information.
|b Reference Division.
|
| 245 |
1 |
4 |
|a The legal systems of Britain /
|c [prepared by Reference Division, Central Office of Information].
|
| 260 |
|
|
|a London :
|b H.M.S.O.,
|c 1976.
|
| 300 |
|
|
|a [3], 74 p. ;
|c 24 cm.
|
| 490 |
1 |
|
|a [Central Office of Information reference pamphlet ; 141]
|
| 500 |
|
|
|a "Prepared for British Information Services.
|
| 504 |
|
|
|a Bibliography: p. 72-74.
|
| 650 |
|
0 |
|a Law
|z Great Britain.
|
| 650 |
|
0 |
|a Law
|z Scotland.
|
| 650 |
|
0 |
|a Law
|z Northern Ireland.
|
| 710 |
2 |
0 |
|a British Information Services.
|
| 830 |
|
0 |
|a Central Office of Information reference pamphlet ;
|v 141.
|
| 852 |
8 |
|
|b CARM
|h A2:AE25B0
|i B00192
|p 0012899
|f BK
|
| 082 |
0 |
4 |
|a 347/.41
|
| 999 |
f |
f |
|i bf4fdd47-5bde-57a4-ad4d-9b0be51d9805
|s 08e8f26b-e0e8-59b5-96a2-54c8999fbd0a
|
| 952 |
f |
f |
|p Can circulate
|a CAVAL
|b CAVAL
|c CAVAL
|d CARM 1 Store
|e B00192
|f A2:AE25B0
|h Other scheme
|i book
|m 0012899
|